Loading...
| Current Events - Current Events | 3 | 20.00 | 33% | 100% | 67% |
| Fine Arts - Auditory Fine Arts | 3 | 13.33 | 67% | 67% | 0% |
| Fine Arts - Other Fine Arts | 2 | 10.00 | 0% | 100% | 0% |
| Fine Arts - Visual Fine Arts | 2 | 20.00 | 50% | 50% | 100% |
| Geography - Geography | 2 | 15.00 | 50% | 100% | 0% |
| History - American History | 3 | 13.33 | 33% | 67% | 33% |
| History - European History | 3 | 3.33 | 33% | 0% | 0% |
| History - Other History | 5 | 8.00 | 0% | 60% | 20% |
| History - World History | 3 | 10.00 | 67% | 33% | 0% |
| Literature - American Literature | 1 | 0.00 | 0% | 0% | 0% |
| Literature - British Literature | 2 | 5.00 | 50% | 0% | 0% |
| Literature - European Literature | 3 | 16.67 | 33% | 67% | 67% |
| Literature - World Literature | 6 | 11.67 | 17% | 17% | 83% |
| Mythology - Mythology | 4 | 17.50 | 100% | 25% | 50% |
| Philosophy - Philosophy | 1 | 10.00 | 0% | 100% | 0% |
| Religion - Religion | 3 | 16.67 | 33% | 33% | 100% |
| Science - Biology | 3 | 20.00 | 67% | 33% | 100% |
| Science - Chemistry | 3 | 16.67 | 33% | 67% | 67% |
| Science - Other Science | 2 | 10.00 | 0% | 100% | 0% |
| Science - Physics | 5 | 18.00 | 80% | 80% | 20% |
| Social Science - Social Science | 3 | 20.00 | 67% | 67% | 67% |
| Trash - Trash | 2 | 10.00 | 0% | 0% | 100% |